<?xml version="1.0" encoding="UTF-8"?>
<record
    xmlns:xsi="http://www.w3.org/2001/XMLSchema-instance"
    xsi:schemaLocation="http://www.loc.gov/MARC21/slim http://www.loc.gov/standards/marcxml/schema/MARC21slim.xsd"
    xmlns="http://www.loc.gov/MARC21/slim">

  <leader>01221nam a22001337a 4500</leader>
  <datafield tag="999" ind1=" " ind2=" ">
    <subfield code="c">533254</subfield>
    <subfield code="d">533254</subfield>
  </datafield>
  <controlfield tag="008">260505b           ||||| |||| 00| 0 eng d</controlfield>
  <datafield tag="100" ind1=" " ind2=" ">
    <subfield code="a"> Autwal, Anil and Devi, Kiran</subfield>
    <subfield code="9">60376</subfield>
  </datafield>
  <datafield tag="245" ind1=" " ind2=" ">
    <subfield code="a">Social sector spending on health and education in Haryana : A decadal review</subfield>
  </datafield>
  <datafield tag="260" ind1=" " ind2=" ">
    <subfield code="a">Economic &amp; Political Weekly  </subfield>
  </datafield>
  <datafield tag="300" ind1=" " ind2=" ">
    <subfield code="a">61(16), Apr 18, 2026: p.29-34</subfield>
  </datafield>
  <datafield tag="520" ind1=" " ind2=" ">
    <subfield code="a">The economic and social development in Haryana during 2012&#x2013;13 to 2021&#x2013;22 is examined, focusing on public expenditure in education and health. Despite a relatively high spending and performance on key social indicators, outcomes remain below those of comparable high-income states. Using expenditure ratios and per capita spending, the article shows that increased allocations have yielded modest improvements in human development. It suggests that structural inefficiencies, governance limitations, and inequitable resource allocation constrain outcomes, underscoring the need to enhance both the efficiency and effectiveness of social sector spending for inclusive development.-Reproduced 

https://www.epw.in/journal/2026/16/insight/social-sector-spending-health-and-education.html
</subfield>
  </datafield>
  <datafield tag="773" ind1=" " ind2=" ">
    <subfield code="a">Economic &amp; Political Weekly  </subfield>
  </datafield>
  <datafield tag="942" ind1=" " ind2=" ">
    <subfield code="c">AR</subfield>
  </datafield>
  <datafield tag="952" ind1=" " ind2=" ">
    <subfield code="0">0</subfield>
    <subfield code="1">0</subfield>
    <subfield code="2">ddc</subfield>
    <subfield code="4">0</subfield>
    <subfield code="7">0</subfield>
    <subfield code="9">408424</subfield>
    <subfield code="a">IIPA</subfield>
    <subfield code="b">IIPA</subfield>
    <subfield code="d">2026-05-05</subfield>
    <subfield code="h">61(16), Apr 18, 2026: p.29-34</subfield>
    <subfield code="p">AR138766</subfield>
    <subfield code="r">2026-05-05</subfield>
    <subfield code="y">AR</subfield>
  </datafield>
</record>
